000 00416nam a2200181Ia 4500
005 20240823054137.0
008 240823s9999||||xx |||||||||||||| ||und||
041 _aENGLISH
082 _A910.3 M0
100 _a"Bates,Charles Ellison"
245 2 _aA Gazetteer of Kashmir
250 _a1st
260 _c1980
_b"LL,New Delhi"
500 _aYES
650 _aGeneral
_bGeneral
942 _cBK
999 _c225777
_d225777